[Event "VII Corsicoscacchi FIDE"]
[Site "Corsico ITA"]
[Date "1994.??.??"]
[Round "1"]
[White "Valenti, Giuseppe"]
[Black "Braunberger, Federico"]
[Result "1/2-1/2"]
[WhiteElo "2245"]
[BlackElo "2085"]
[PlyCount "101"]
[EventDate "1994.??.??"]

1. e4 e6 2. d4 d5 3. Nd2 c5 4. exd5 exd5 5. Bb5+ Nc6 6. Ngf3 Bd6 7. dxc5 Bxc5
8. O-O Nge7 9. Nb3 Bd6 10. h3 O-O 11. Nbd4 Nxd4 12. Qxd4 Bf5 13. Bd3 Nc6 14.
Qc3 Be4 15. Bxe4 dxe4 16. Ng5 Qe7 17. Qc4 Rae8 18. Re1 Qe5 19. g3 Qd4 20. Qxd4
Nxd4 21. Rxe4 Nxc2 22. Rb1 h6 23. Rxe8 Rxe8 24. Nf3 Bc5 25. Kf1 Nb4 26. Bd2 Nd3
27. Be1 Nxe1 28. Rxe1 Rxe1+ 29. Kxe1 Kf8 30. Ke2 Ke7 31. b3 Ke6 32. Ne1 Kd5 33.
Nc2 g6 34. Kf3 b5 35. Ke2 a5 36. Kf3 a4 37. Ke2 Ke4 38. f3+ Kd5 39. Kf1 h5 40.
Ke2 Bd6 41. Kf2 Be7 42. h4 f5 43. f4 axb3 44. axb3 Ke4 45. Ke2 Bc5 46. b4 Be7
47. Na3 Bxb4 48. Nxb5 Kd5 49. Nc7+ Kc6 50. Ne6 Kd5 51. Ng5 1/2-1/2

[Event "VII Corsicoscacchi FIDE"]
[Site "Corsico ITA"]
[Date "1994.??.??"]
[Round "2"]
[White "Cappello, Guido"]
[Black "Valenti, Giuseppe"]
[Result "1-0"]
[WhiteElo "2270"]
[BlackElo "2245"]
[PlyCount "45"]
[EventDate "1994.??.??"]

1. e4 c5 2. Nf3 e6 3. d4 cxd4 4. Nxd4 a6 5. Bd3 Qc7 6. O-O Nf6 7. Nd2 Bd6 8.
N4f3 b5 9. a4 Bb7 10. Qe2 Ng4 11. h3 h5 12. c3 bxa4 13. Nc4 Bh2+ 14. Kh1 Nc6
15. g3 Nxf2+ 16. Kxh2 Nxd3 17. Qxd3 d5 18. exd5 exd5 19. Qe3+ Kf8 20. Qc5+ Qe7
21. Nd6 Kg8 22. Bg5 Qd7 23. Rae1 1-0

[Event "VII Corsicoscacchi FIDE"]
[Site "Corsico ITA"]
[Date "1994.??.??"]
[Round "2"]
[White "Caruso, Daniele"]
[Black "Braunberger, Federico"]
[Result "0-1"]
[WhiteElo "2027"]
[BlackElo "2085"]
[PlyCount "108"]
[EventDate "1994.??.??"]

1. e4 e6 2. d4 d5 3. e5 b6 4. c3 Qd7 5. f4 Ne7 6. Be3 Nf5 7. Bf2 h5 8. Be2 g6
9. Nf3 Bh6 10. Ng5 Bxg5 11. fxg5 Ba6 12. g3 Bxe2 13. Qxe2 Qe7 14. h4 c6 15. Nd2
Qb7 16. O-O Qa6 17. Qf3 Nd7 18. a4 Rc8 19. b4 Qb7 20. c4 c5 21. bxc5 bxc5 22.
Rfb1 Qa8 23. cxd5 exd5 24. Nb3 cxd4 25. Nxd4 Nxd4 26. Bxd4 O-O 27. g4 Rc4 28.
Rd1 hxg4 29. Qxg4 Nxe5 30. Qh3 Nc6 31. Bf6 Qb8 32. Rac1 Qc8 33. Qxc8 Rxc8 34.
Rxc4 dxc4 35. Kf2 Nb4 36. Rd8+ Rxd8 37. Bxd8 Kf8 38. Ke3 Ke8 39. Ba5 Nc6 40.
Be1 Kd7 41. Ke4 Ke6 42. Bc3 Kd6 43. Bb2 Kc5 44. Ba3+ Nb4 45. Ke5 c3 46. Kf6 Kc4
47. Bc1 Nd3 48. Be3 Kd5 49. Kxf7 Ke4 50. Bc1 Nxc1 51. h5 Nd3 52. h6 c2 53. h7
c1=Q 54. h8=Q Ne5+ 0-1

[Event "VII Corsicoscacchi FIDE"]
[Site "Corsico ITA"]
[Date "1994.??.??"]
[Round "2"]
[White "Contini, Luca"]
[Black "Di Fonzo, Valerio"]
[Result "1/2-1/2"]
[WhiteElo "2320"]
[BlackElo "2245"]
[PlyCount "57"]
[EventDate "1994.??.??"]

1. d4 Nf6 2. c4 g6 3. Nc3 d5 4. Nf3 Bg7 5. cxd5 Nxd5 6. e4 Nxc3 7. bxc3 c5 8.
Rb1 O-O 9. Be2 cxd4 10. cxd4 Qa5+ 11. Bd2 Qxa2 12. O-O Qe6 13. Qc2 Qc6 14. Qd3
b6 15. d5 Qd7 16. Qa3 e6 17. Rfd1 exd5 18. exd5 Qxd5 19. Ng5 Bf5 20. Bf3 Qd8
21. Be3 Nd7 22. Bxa8 Qxa8 23. Rbc1 Ne5 24. Rc7 h6 25. Rxa7 Qc6 26. Rc1 Qd5 27.
Nf3 Nxf3+ 28. gxf3 Qxf3 29. Bxb6 1/2-1/2

[Event "VII Corsicoscacchi FIDE"]
[Site "Corsico ITA"]
[Date "1994.??.??"]
[Round "3"]
[White "Braunberger, Federico"]
[Black "Cappello, Guido"]
[Result "1/2-1/2"]
[WhiteElo "2085"]
[BlackElo "2270"]
[PlyCount "105"]
[EventDate "1994.??.??"]

1. Nf3 d5 2. c4 c6 3. cxd5 cxd5 4. d4 Nc6 5. g3 Bf5 6. Nc3 e6 7. Bf4 Bb4 8. Bg2
Nf6 9. O-O O-O 10. Rc1 Ne4 11. Qa4 Qa5 12. Qxa5 Nxa5 13. Nxe4 Bxe4 14. Rc7 Rfc8
15. Rfc1 Rxc7 16. Rxc7 Bf8 17. Nd2 Bxg2 18. Kxg2 f6 19. h4 Rd8 20. Nb3 Nc4 21.
Rxb7 e5 22. Be3 a5 23. Nc1 Rc8 24. Nd3 a4 25. b3 Nxe3+ 26. fxe3 e4 27. Nf4 a3
28. Nxd5 Rc2 29. Kf2 Rxa2 30. Ra7 Rb2 31. b4 a2 32. Nc3 Bxb4 33. Nxa2 Bd2 34.
Ra3 Rc2 35. g4 Kf7 36. Kg3 Be1+ 37. Kf4 Bxh4 38. Kxe4 Rxe2 39. d5 Rg2 40. Ra7+
Ke8 41. Kf5 Re2 42. d6 Rxe3 43. Rxg7 Re5+ 44. Kf4 Bg5+ 45. Kf3 Re3+ 46. Kf2 Rb3
47. Re7+ Kd8 48. Re2 Kd7 49. Rc2 Kxd6 50. Nc3 Ke5 51. Ne2 Be3+ 52. Kg2 h6 53.
Rc3 1/2-1/2

[Event "VII Corsicoscacchi FIDE"]
[Site "Corsico ITA"]
[Date "1994.??.??"]
[Round "3"]
[White "Cazzaniga, Walter"]
[Black "Contini, Luca"]
[Result "1/2-1/2"]
[WhiteElo "2160"]
[BlackElo "2320"]
[PlyCount "68"]
[EventDate "1994.??.??"]

1. d4 Nf6 2. c4 e6 3. Nf3 b6 4. g3 Ba6 5. b3 b5 6. Qc2 Nc6 7. a3 Na5 8. cxb5
Bxb5 9. Bd2 Nb7 10. Nc3 a6 11. Bg2 c5 12. a4 Bc6 13. e4 Qb6 14. Be3 cxd4 15.
Nxd4 Ng4 16. O-O Rc8 17. Nd5 Qd8 18. Qe2 Nxe3 19. Nxe3 Bc5 20. Nxc6 Rxc6 21.
Rac1 e5 22. Rfd1 a5 23. Nf5 g6 24. Ne3 O-O 25. Nd5 Bd4 26. Kh1 Kg7 27. f4 Qc8
28. Rxc6 dxc6 29. fxe5 Bxe5 30. Nb6 Qc7 31. Nc4 Rd8 32. Rxd8 Nxd8 33. Qd2 Nb7
34. Bf3 h6 1/2-1/2

[Event "VII Corsicoscacchi FIDE"]
[Site "Corsico ITA"]
[Date "1994.??.??"]
[Round "3"]
[White "Di Fonzo, Valerio"]
[Black "Caruso, Daniele"]
[Result "0-1"]
[WhiteElo "2245"]
[BlackElo "2027"]
[PlyCount "80"]
[EventDate "1994.??.??"]

1. e4 e6 2. d4 d5 3. Nc3 Nf6 4. Bg5 Be7 5. e5 Nfd7 6. Bxe7 Qxe7 7. f4 a6 8. Nf3
c5 9. dxc5 Nc6 10. Bd3 Nxc5 11. a3 b5 12. b4 Nxd3+ 13. cxd3 O-O 14. Qd2 f6 15.
O-O Bd7 16. Rae1 f5 17. Ne2 a5 18. Ned4 Nxd4 19. Nxd4 axb4 20. axb4 Ra4 21. Nc2
Rc8 22. Ra1 Be8 23. Rxa4 bxa4 24. Ra1 Qc7 25. Ra2 Qc3 26. Qxc3 Rxc3 27. d4 Rb3
28. Ra3 Bb5 29. Rxb3 axb3 30. Na3 b2 31. Kf2 Kf7 32. Ke3 Bf1 33. Kd2 Bxg2 34.
Kc2 g5 35. fxg5 f4 36. Kxb2 f3 37. Nc2 f2 38. Ne3 f1=Q 39. Nxf1 Bxf1 40. h4 Kg6
0-1

[Event "VII Corsicoscacchi FIDE"]
[Site "Corsico ITA"]
[Date "1994.??.??"]
[Round "4"]
[White "Caruso, Daniele"]
[Black "Cappello, Guido"]
[Result "1/2-1/2"]
[WhiteElo "2027"]
[BlackElo "2270"]
[PlyCount "81"]
[EventDate "1994.??.??"]

1. e4 e5 2. Nf3 Nc6 3. Nc3 Nf6 4. d4 exd4 5. Nxd4 Bb4 6. Nxc6 bxc6 7. Bd3 d5 8.
exd5 Qe7+ 9. Qe2 Qxe2+ 10. Bxe2 cxd5 11. Bd2 O-O 12. O-O c6 13. a3 Bd6 14. b4
Bf5 15. Bd3 Bd7 16. Na4 Ng4 17. h3 Ne5 18. Ba6 Bc8 19. Be2 Bf5 20. Rfc1 Rfe8
21. Ba6 Rad8 22. Be3 Nd7 23. Bd3 Be4 24. Bd4 Be5 25. Bxe5 Rxe5 26. Nc3 Rde8 27.
Bxe4 dxe4 28. Nd1 f5 29. c4 f4 30. Ra2 a5 31. Rd2 Nb6 32. Kf1 axb4 33. axb4 e3
34. fxe3 fxe3 35. Re2 Re4 36. Nb2 Kf7 37. Rc3 Kf6 38. g3 h5 39. Kg2 g5 40. b5
cxb5 41. cxb5 1/2-1/2

[Event "VII Corsicoscacchi FIDE"]
[Site "Corsico ITA"]
[Date "1994.??.??"]
[Round "4"]
[White "Di Fonzo, Valerio"]
[Black "Cazzaniga, Walter"]
[Result "0-1"]
[WhiteElo "2245"]
[BlackElo "2160"]
[PlyCount "79"]
[EventDate "1994.??.??"]

1. e4 c5 2. Nf3 d6 3. d4 cxd4 4. Nxd4 Nf6 5. Nc3 g6 6. Be3 Bg7 7. f3 O-O 8. Qd2
Nc6 9. Bc4 Bd7 10. h4 Rc8 11. Bb3 h5 12. O-O-O Ne5 13. Bg5 Rc5 14. Kb1 b5 15.
g4 hxg4 16. h5 Nxh5 17. Nd5 Rxd5 18. Bxd5 g3 19. Qe1 Re8 20. Rxh5 gxh5 21. Qxg3
Ng6 22. Nf5 Qc8 23. Nh6+ Bxh6 24. Bxh6 Be6 25. Qh2 Bxd5 26. Rxd5 h4 27. f4 Qc4
28. f5 Qxe4 29. Rxb5 Qe1+ 30. Bc1 Ne5 31. Rb3 Qe4 32. Qf2 Rc8 33. Rh3 Rc4 34.
Re3 Qf4 35. Qe2 Qg4 36. Qxg4+ Rxg4 37. Rh3 Kg7 38. b3 Kf6 39. Be3 Kxf5 40. Bf2
0-1

[Event "VII Corsicoscacchi FIDE"]
[Site "Corsico ITA"]
[Date "1994.??.??"]
[Round "4"]
[White "Marzano, Carlo"]
[Black "Braunberger, Federico"]
[Result "1-0"]
[WhiteElo "2210"]
[BlackElo "2085"]
[PlyCount "85"]
[EventDate "1994.??.??"]

1. d4 e6 2. Nf3 f5 3. Bg5 Nf6 4. Nbd2 d5 5. e3 Bd6 6. c4 c6 7. Bd3 O-O 8. O-O
Qe8 9. c5 Bc7 10. Bf4 Bd8 11. b4 Ne4 12. Bxb8 Rxb8 13. Ne5 Nxd2 14. Qxd2 Bc7
15. f4 Bd7 16. a4 a6 17. Qe2 Bxe5 18. fxe5 Ra8 19. g3 g5 20. b5 axb5 21. axb5
Rxa1 22. Rxa1 cxb5 23. Rb1 Rf7 24. Bxb5 Bxb5 25. Qxb5 Qxb5 26. Rxb5 Kf8 27. Rb6
Re7 28. Kf2 Kf7 29. Ke2 Kg6 30. Rb1 Kh5 31. Kf3 h6 32. Rb6 g4+ 33. Ke2 Kg5 34.
Rd6 Kg6 35. Kd3 Kf7 36. Kc3 Re8 37. Kb4 Ke7 38. Rb6 Ra8 39. Rxb7+ Kd8 40. c6
Ra2 41. Kc5 Rxh2 42. Kd6 Kc8 43. Rh7 1-0

[Event "VII Corsicoscacchi FIDE"]
[Site "Corsico ITA"]
[Date "1994.??.??"]
[Round "5"]
[White "Braunberger, Federico"]
[Black "Contini, Luca"]
[Result "0-1"]
[WhiteElo "2085"]
[BlackElo "2320"]
[PlyCount "104"]
[EventDate "1994.??.??"]

1. Nf3 Nf6 2. c4 e6 3. g3 a6 4. Bg2 b5 5. cxb5 axb5 6. O-O Bb7 7. d4 Be7 8. Na3
b4 9. Nc4 h6 10. Nce5 O-O 11. Bf4 d6 12. Nd3 Na6 13. Qc1 Be4 14. h4 Qd7 15. Nh2
Bxg2 16. Kxg2 c5 17. dxc5 Nxc5 18. Nxc5 dxc5 19. Nf3 Ra7 20. Rd1 Qb5 21. Qc2
Rfa8 22. b3 Nd5 23. Be5 Bf6 24. Bxf6 Nxf6 25. e4 Qc6 26. Re1 Nd7 27. Re3 Ra3
28. Re2 R8a7 29. Nd2 Nb6 30. f3 Qb5 31. Ree1 Qa6 32. Qxc5 Rxa2 33. Rxa2 Qxa2
34. Qxb4 Nd7 35. Re2 Qb2 36. Qc4 Ne5 37. Qb5 Ra1 38. Rf2 Qd4 39. Qe2 Ra2 40.
Qd1 Nd3 41. Re2 Ra1 42. Qc2 Ne1+ 43. Rxe1 Rxe1 44. Nf1 Qa1 45. Qd3 Qb2+ 46. Kg1
Ra1 47. f4 Ra2 48. Qf3 h5 49. f5 e5 50. Kh1 Qd4 51. Qe3 Qd1 52. Kg1 Re2 0-1

[Event "VII Corsicoscacchi FIDE"]
[Site "Corsico ITA"]
[Date "1994.??.??"]
[Round "5"]
[White "Cappello, Guido"]
[Black "Marzano, Carlo"]
[Result "1/2-1/2"]
[WhiteElo "2270"]
[BlackElo "2210"]
[PlyCount "104"]
[EventDate "1994.??.??"]

1. e4 e5 2. Nf3 Nc6 3. Bb5 Bc5 4. O-O Nd4 5. Nxd4 Bxd4 6. c3 Bb6 7. d4 c6 8.
Ba4 d6 9. dxe5 dxe5 10. Nd2 Nf6 11. h3 Qe7 12. Qf3 Be6 13. Bb3 O-O-O 14. a4 h6
15. a5 Bc7 16. a6 b6 17. Ba4 b5 18. Bc2 Bb6 19. c4 Qb4 20. Qe2 Bxc4 21. Nxc4
Qxc4 22. Qxc4 bxc4 23. Ra4 Bd4 24. Rxc4 c5 25. b4 Rd6 26. Be3 Bxe3 27. fxe3
Rxa6 28. Rxc5+ Kd7 29. Rd1+ Rd6 30. Ba4+ Ke6 31. Bb3+ Kd7 32. Ba4+ Ke6 33.
Rxd6+ Kxd6 34. Rc6+ Ke7 35. Rc7+ Ke6 36. Rxa7 Nxe4 37. Bb3+ Kd6 38. Rxf7 Rb8
39. Bc2 Rxb4 40. Bxe4 Rxe4 41. Rxg7 Rxe3 42. Rg6+ Ke7 43. Rxh6 Re2 44. g4 Kf7
45. g5 Ra2 46. h4 Rb2 47. h5 e4 48. Kf1 Rh2 49. Rh7+ Kg8 50. g6 e3 51. Ke1 Rg2
52. Re7 Rg5 1/2-1/2

[Event "VII Corsicoscacchi FIDE"]
[Site "Corsico ITA"]
[Date "1994.??.??"]
[Round "5"]
[White "Cazzaniga, Walter"]
[Black "Caruso, Daniele"]
[Result "0-1"]
[WhiteElo "2160"]
[BlackElo "2027"]
[PlyCount "50"]
[EventDate "1994.??.??"]

1. d4 Nf6 2. c4 c5 3. d5 e6 4. Nc3 exd5 5. cxd5 d6 6. Nf3 g6 7. Bf4 a6 8. e4
Bg7 9. Qa4+ Bd7 10. Bb5 Qe7 11. O-O O-O 12. Bxd6 Qxd6 13. e5 Qb6 14. exf6 Bxb5
15. Nxb5 axb5 16. Qxa8 Na6 17. Qxa6 bxa6 18. fxg7 Rd8 19. Rfd1 c4 20. Rd4 Qc5
21. Rad1 b4 22. h4 c3 23. bxc3 bxc3 24. Kh2 Qd6+ 25. g3 c2 0-1

[Event "VII Corsicoscacchi FIDE"]
[Site "Corsico ITA"]
[Date "1994.??.??"]
[Round "5"]
[White "Valenti, Giuseppe"]
[Black "Di Fonzo, Valerio"]
[Result "1-0"]
[WhiteElo "2245"]
[BlackElo "2245"]
[PlyCount "55"]
[EventDate "1994.??.??"]

1. e4 e5 2. Nf3 Nc6 3. Bb5 a6 4. Ba4 Nf6 5. O-O Nxe4 6. d4 b5 7. Bb3 d5 8. dxe5
Be6 9. c3 Bc5 10. Bc2 O-O 11. Qe2 f5 12. Nbd2 Nxd2 13. Bxd2 f4 14. b4 Bb6 15.
a4 Bg4 16. axb5 axb5 17. Rxa8 Qxa8 18. Qd3 Bxf3 19. Qxh7+ Kf7 20. gxf3 Ne7 21.
Bxf4 Rh8 22. e6+ Kxe6 23. Re1+ Kd7 24. Rxe7+ Kxe7 25. Qxg7+ Ke6 26. Qg6+ Ke7
27. Qg7+ Ke6 28. Bf5+ 1-0

[Event "VII Corsicoscacchi FIDE"]
[Site "Corsico ITA"]
[Date "1994.??.??"]
[Round "6"]
[White "Caruso, Daniele"]
[Black "Marzano, Carlo"]
[Result "1/2-1/2"]
[WhiteElo "2027"]
[BlackElo "2210"]
[PlyCount "40"]
[EventDate "1994.??.??"]

1. e4 Nc6 2. d4 e5 3. dxe5 Nxe5 4. Nf3 Bb4+ 5. c3 Nxf3+ 6. Qxf3 Bc5 7. Be2 d6
8. O-O Qf6 9. Nd2 a6 10. Nb3 Qxf3 11. Bxf3 Bb6 12. Re1 f6 13. Be3 Bxe3 14. Rxe3
Nh6 15. Be2 Bd7 16. f4 O-O-O 17. Re1 Rde8 18. h3 Re7 19. Bf3 Rhe8 20. Kf2 b6
1/2-1/2

[Event "VII Corsicoscacchi FIDE"]
[Site "Corsico ITA"]
[Date "1994.??.??"]
[Round "6"]
[White "Cazzaniga, Walter"]
[Black "Valenti, Giuseppe"]
[Result "1/2-1/2"]
[WhiteElo "2160"]
[BlackElo "2245"]
[PlyCount "138"]
[EventDate "1994.??.??"]

1. d4 Nf6 2. c4 e6 3. Nf3 b6 4. g3 Bb7 5. Bg2 Be7 6. O-O O-O 7. Nc3 d5 8. Ne5
Nbd7 9. Bg5 c6 10. Nxd7 Qxd7 11. cxd5 exd5 12. Qa4 b5 13. Qc2 Rfe8 14. Rfd1
Rad8 15. Rac1 Qe6 16. e3 h6 17. Bxf6 Bxf6 18. Nb1 Rd6 19. Nd2 Bc8 20. Nb3 Bd8
21. Nc5 Qg4 22. Rd2 Ba5 23. Rdd1 Bf5 24. Qb3 Bb6 25. a4 bxa4 26. Qxa4 Re7 27.
Rd2 h5 28. Qa3 Qg6 29. Nd3 Bxd3 30. Rxd3 Ree6 31. Rdc3 h4 32. Qa4 hxg3 33. hxg3
Rf6 34. R1c2 Qg4 35. Rc1 Rh6 36. Rxc6 Rxc6 37. Rxc6 Rxc6 38. Qxc6 Qd1+ 39. Bf1
Qf3 40. Qc8+ Kh7 41. Qc2+ g6 42. Bg2 Qf6 43. Bxd5 Kg7 44. Kg2 Qd6 45. Qc4 Qd7
46. Bc6 Qd6 47. b4 Qe7 48. Bd5 Qf6 49. f4 g5 50. Qc6 Qe7 51. Qc3 gxf4 52. gxf4
Qf6 53. Qd3 Qd6 54. Qf5 Qg6+ 55. Qxg6+ Kxg6 56. Kf3 f5 57. Ke2 Bd8 58. Kd3 Bh4
59. Be6 Bf2 60. d5 Kf6 61. Bc8 Be1 62. b5 Bb4 63. Kd4 Bd6 64. Kc4 Be7 65. Kd4
Bd6 66. Bd7 Ba3 67. Kd3 Bc5 68. Ke2 Bb6 69. Kf3 Bc5 1/2-1/2

[Event "VII Corsicoscacchi FIDE"]
[Site "Corsico ITA"]
[Date "1994.??.??"]
[Round "6"]
[White "Contini, Luca"]
[Black "Cappello, Guido"]
[Result "0-1"]
[WhiteElo "2320"]
[BlackElo "2270"]
[PlyCount "70"]
[EventDate "1994.??.??"]

1. d4 d5 2. c4 c6 3. Nf3 e6 4. Nc3 Nd7 5. Bg5 Qa5 6. e3 Ngf6 7. Nd2 dxc4 8.
Bxf6 gxf6 9. Nxc4 Qc7 10. g3 Nb6 11. Nd2 e5 12. Rc1 Be6 13. Bg2 O-O-O 14. O-O
h5 15. Qc2 Kb8 16. Nf3 Be7 17. dxe5 fxe5 18. b3 h4 19. Nb5 Qc8 20. Qc3 Rd5 21.
Nxa7 Kxa7 22. Nxe5 Rc5 23. Qb2 Rxc1 24. Rxc1 hxg3 25. hxg3 Qd8 26. Qc3 Nd5 27.
Qd4+ c5 28. Qa4+ Kb8 29. Rd1 Qc7 30. Rxd5 Bxd5 31. Nd7+ Kc8 32. Bxd5 Rd8 33.
Bf3 f5 34. Ne5 Qxe5 35. Qa8+ Qb8 0-1

[Event "VII Corsicoscacchi FIDE"]
[Site "Corsico ITA"]
[Date "1994.??.??"]
[Round "6"]
[White "Di Fonzo, Valerio"]
[Black "Braunberger, Federico"]
[Result "0-1"]
[WhiteElo "2245"]
[BlackElo "2085"]
[PlyCount "82"]
[EventDate "1994.??.??"]

1. e4 e6 2. d4 d5 3. Nc3 Bb4 4. e5 c5 5. a3 Bxc3+ 6. bxc3 Ne7 7. a4 Nbc6 8. Nf3
Qa5 9. Bd2 Bd7 10. Bb5 c4 11. Ng5 h6 12. Nh3 O-O-O 13. O-O f5 14. Qe2 g5 15.
Rfb1 f4 16. Qe1 Rdf8 17. Kf1 Rhg8 18. Bc1 Rf7 19. Ba3 Ng6 20. Bd6 g4 21. Ng1
Nh4 22. Rb2 a6 23. Qb1 g3 24. hxg3 fxg3 25. f3 Nxf3 26. gxf3 Qxc3 27. Ra3 g2+
28. Ke2 Nxd4+ 29. Kd1 Nxb5 30. axb5 Qd4+ 31. Ke2 c3 32. Rxc3+ Qxc3 33. bxa6
Qc4+ 34. Kf2 Qxa6 35. Ra2 Qf1+ 36. Qxf1 gxf1=Q+ 37. Kxf1 Bb5+ 38. Kf2 Ba6 39.
Ra3 Kd7 40. Ne2 Bxe2 41. Kxe2 Rg2+ 0-1

[Event "VII Corsicoscacchi FIDE"]
[Site "Corsico ITA"]
[Date "1994.??.??"]
[Round "7"]
[White "Braunberger, Federico"]
[Black "Cazzaniga, Walter"]
[Result "0-1"]
[WhiteElo "2085"]
[BlackElo "2160"]
[PlyCount "92"]
[EventDate "1994.??.??"]

1. Nf3 g6 2. c4 Bg7 3. Nc3 Nf6 4. g3 d6 5. d4 O-O 6. Bg2 Nbd7 7. O-O e5 8. e4
exd4 9. Nxd4 Re8 10. h3 Nc5 11. Re1 a5 12. Rb1 c6 13. Nc2 Be6 14. b3 Qd7 15. h4
Ng4 16. Nd5 Nxf2 17. Kxf2 cxd5 18. cxd5 Bg4 19. Qd2 f5 20. e5 dxe5 21. d6 Rac8
22. Ne3 e4 23. Bf1 f4 24. gxf4 Bf3 25. Bc4+ Kh8 26. f5 b5 27. Bf1 Qd8 28. Kg3
Be5+ 29. Kh3 gxf5 30. Bb2 Qd7 31. Bxb5 Qxb5 32. Bxe5+ Rxe5 33. Qd4 Ne6 34. d7
Rd8 35. Qb2 Nf4+ 36. Kh2 Nd3 37. Qc3 Qb4 38. Rec1 Qxc3 39. Rxc3 Rxd7 40. Rc8+
Kg7 41. Rg1+ Bg4 42. Nxf5+ Rxf5 43. Rxg4+ Kf6 44. Rxe4 Rf2+ 45. Kh3 Kf5 46. Ra8
Nf4+ 0-1

[Event "VII Corsicoscacchi FIDE"]
[Site "Corsico ITA"]
[Date "1994.??.??"]
[Round "7"]
[White "Cappello, Guido"]
[Black "Di Fonzo, Valerio"]
[Result "0-1"]
[WhiteElo "2270"]
[BlackElo "2245"]
[PlyCount "80"]
[EventDate "1994.??.??"]

1. d4 Nf6 2. Nc3 d5 3. e4 dxe4 4. f3 e3 5. Bxe3 e6 6. a3 c6 7. Qd2 Qa5 8. Ne4
Qxd2+ 9. Bxd2 Nbd7 10. Bd3 c5 11. Ne2 Nxe4 12. Bxe4 Nf6 13. Bd3 Bd7 14. O-O-O
Rc8 15. dxc5 Bxc5 16. Nc3 Bc6 17. Bg5 Be7 18. Nb5 a6 19. Na7 Ra8 20. Nxc6 bxc6
21. Bxf6 gxf6 22. Be4 Rc8 23. g4 h5 24. h3 a5 25. Rd3 c5 26. Rhd1 Rc7 27. Rb3
O-O 28. Rb5 Ra7 29. c3 Kg7 30. Kc2 a4 31. c4 Kh6 32. f4 Rc8 33. Bf3 h4 34. Be4
Rcc7 35. Rf1 Rd7 36. f5 Rd4 37. Bd3 e5 38. Re1 Kg5 39. Rb8 Kf4 40. Rg8 e4 0-1

[Event "VII Corsicoscacchi FIDE"]
[Site "Corsico ITA"]
[Date "1994.??.??"]
[Round "7"]
[White "Marzano, Carlo"]
[Black "Contini, Luca"]
[Result "1/2-1/2"]
[WhiteElo "2210"]
[BlackElo "2320"]
[PlyCount "120"]
[EventDate "1994.??.??"]

1. d4 Nf6 2. Nf3 e6 3. Bg5 c5 4. e3 Qb6 5. Qc1 cxd4 6. exd4 Nc6 7. c3 d5 8.
Nbd2 Bd7 9. Bd3 Rc8 10. Qb1 Na5 11. O-O Bb5 12. Bxb5+ Qxb5 13. Qc2 Nd7 14. Bh4
Nc4 15. Nxc4 Qxc4 16. b3 Qc6 17. Qd3 Bd6 18. Rac1 b5 19. Bg3 Be7 20. h4 Bf6 21.
Ne5 Bxe5 22. Bxe5 Nxe5 23. dxe5 Qc5 24. h5 h6 25. Kh1 O-O 26. f4 Rfd8 27. f5
exf5 28. Qxf5 Qe7 29. Rf3 d4 30. c4 Rc5 31. Rcf1 Rxe5 32. Qxf7+ Qxf7 33. Rxf7
Rxh5+ 34. Kg1 bxc4 35. bxc4 Ra5 36. Rc7 Rf8 37. Rxf8+ Kxf8 38. Rd7 Rxa2 39.
Rxd4 Ke7 40. c5 Ra6 41. Rb4 Ke6 42. Rb7 g5 43. c6 Kd6 44. Rh7 Kxc6 45. Rxh6+
Kb5 46. Rh7 Ra4 47. Rg7 g4 48. Kh2 a5 49. Rg5+ Kb6 50. Rg6+ Kc7 51. Rg5 Kd6 52.
Kg3 Ke6 53. Rb5 Kf6 54. Rc5 Ra2 55. Kxg4 Rxg2+ 56. Kf3 Ra2 57. Ke3 Ke6 58. Kd3
Kd6 59. Rh5 Kc6 60. Kc3 Ra1 1/2-1/2

[Event "VII Corsicoscacchi FIDE"]
[Site "Corsico ITA"]
[Date "1994.??.??"]
[Round "7"]
[White "Valenti, Giuseppe"]
[Black "Caruso, Daniele"]
[Result "1-0"]
[WhiteElo "2245"]
[BlackElo "2027"]
[PlyCount "101"]
[EventDate "1994.??.??"]

1. e4 e6 2. d3 d5 3. Nd2 Nf6 4. Ngf3 c5 5. g3 Nc6 6. Bg2 b6 7. O-O Bb7 8. Re1
Be7 9. c3 Qc7 10. a3 dxe4 11. dxe4 e5 12. Nc4 O-O 13. Qc2 Rfd8 14. a4 Ba6 15.
Bf1 Bxc4 16. Bxc4 Na5 17. Ba2 c4 18. Nh4 Nd7 19. Nf5 Nc5 20. Ne3 Nd3 21. Re2
Qc6 22. Nd5 Bf8 23. Bg5 f6 24. Be3 Kh8 25. Rd1 Nc5 26. Bxc5 Bxc5 27. Red2 Rd7
28. Kg2 Rad8 29. g4 Qe6 30. h3 Qc6 31. Re1 a6 32. Qd1 b5 33. axb5 axb5 34. b4
cxb3 35. Bxb3 Nc4 36. Bxc4 bxc4 37. Qe2 Ba7 38. Rb1 Rc8 39. Rb4 Rb7 40. Rdb2
Rxb4 41. Rxb4 Qa6 42. Ne7 Re8 43. Qxc4 Qxc4 44. Rxc4 g6 45. Nd5 Rf8 46. Rc7 Bb8
47. Rd7 Kg8 48. c4 Rf7 49. Rd8+ Rf8 50. Nxf6+ Kf7 51. Rxf8+ 1-0

[Event "VII Corsicoscacchi A"]
[Site "Corsico ITA"]
[Date "1994.??.??"]
[Round "2"]
[White "Lanzani, Giuliano"]
[Black "Mazzini, Antonio"]
[WhiteElo "1914"]
[BlackElo "1900"]
[Result "1/2-1/2"]
[PlyCount "74"]
[EventDate "1994.??.??"]

1. e4 c5 2. Nf3 d6 3. c3 Nf6 4. Bd3 g6 5. Bc2 Bg7 6. O-O O-O 7. d4 Nc6 8. dxc5
dxc5 9. Qxd8 Rxd8 10. Be3 b6 11. h3 Ba6 12. Re1 Bd3 13. Bxd3 Rxd3 14. Nbd2 Rad8
15. Re2 e5 16. Rc1 Ne8 17. Ne1 R3d7 18. Rc2 Nc7 19. Nf1 Ne6 20. Rcd2 f5 21.
Rxd7 Rxd7 22. Rd2 Rxd2 23. Bxd2 f4 24. b3 Kf7 25. Bc1 g5 26. Nd2 h5 27. Nd3 Bf6
28. g4 fxg3 29. fxg3 Kg6 30. Kf2 Bg7 31. Nf3 Bf6 32. Nd2 h4 33. gxh4 gxh4 34.
Nf3 Kh5 35. Bd2 Kg6 36. Ke2 Kh5 37. Kf2 Kg6 1/2-1/2

[Event "VII Corsicoscacchi A"]
[Site "Corsico ITA"]
[Date "1994.??.??"]
[Round "3"]
[White "Bonanno, Alessandro"]
[Black "Quagliarella, Sabino Remo"]
[WhiteElo "1968"]
[BlackElo "1829"]
[Result "1-0"]
[PlyCount "43"]
[EventDate "1994.??.??"]

1. e4 c5 2. Nf3 e6 3. d4 cxd4 4. Nxd4 Nf6 5. Nc3 Bb4 6. e5 Nd5 7. Qg4 g6 8. Bd2
Bxc3 9. bxc3 Qc7 10. Qg3 a6 11. h4 h5 12. Bd3 Ne7 13. O-O b5 14. a4 bxa4 15.
Rxa4 Bb7 16. Rfa1 Nf5 17. Bxf5 exf5 18. Bf4 Qc5 19. e6 Bd5 20. Bxb8 Ke7 21. Ra5
Qc4 22. Qd6+ 1-0

[Event "VII Corsicoscacchi A"]
[Site "Corsico ITA"]
[Date "1994.??.??"]
[Round "4"]
[White "Sbarra, Marco"]
[Black "Lanzani, Giuliano"]
[WhiteElo "2005"]
[BlackElo "1914"]
[Result "1-0"]
[PlyCount "83"]
[EventDate "1994.??.??"]

1. d4 Nf6 2. Nf3 c5 3. c3 e6 4. Bf4 b6 5. e3 Bb7 6. Bd3 Be7 7. h3 O-O 8. Nbd2
d6 9. O-O Nbd7 10. Bh2 e5 11. dxe5 Nxe5 12. Nxe5 dxe5 13. Qc2 Qd5 14. e4 Qe6
15. Bc4 Qd6 16. Rad1 Qc7 17. Rfe1 Nd7 18. Nf1 a6 19. a4 Bg5 20. Qd3 Bc6 21. Bd5
Rad8 22. Bxc6 Qxc6 23. Qxa6 Nb8 24. Qc4 Bf4 25. Bxf4 exf4 26. Nd2 Kh8 27. Nf3
f6 28. e5 Rxd1 29. Rxd1 fxe5 30. Nxe5 Qf6 31. Qd5 h6 32. Qe4 Kg8 33. Ng6 Rd8
34. Ne7+ Qxe7 35. Qxe7 Rxd1+ 36. Kh2 Nd7 37. Qe8+ Kh7 38. Qe4+ g6 39. Qxf4 Kg7
40. b4 cxb4 41. cxb4 Rd5 42. Qc4 1-0

[Event "VII Corsicoscacchi A"]
[Site "Corsico ITA"]
[Date "1994.??.??"]
[Round "5"]
[White "Mazzini, Antonio"]
[Black "Sbarra, Marco"]
[WhiteElo "1900"]
[BlackElo "2005"]
[Result "1/2-1/2"]
[PlyCount "73"]
[EventDate "1994.??.??"]

1. d4 Nf6 2. c4 e6 3. Nc3 Bb4 4. e3 c5 5. Nge2 d5 6. cxd5 Nxd5 7. a3 cxd4 8.
Qxd4 Nc6 9. Qxg7 Bxc3+ 10. Nxc3 Qf6 11. Qxf6 Nxf6 12. b4 Rg8 13. Bb2 Ke7 14. f3
Bd7 15. Kf2 Rac8 16. Be2 Ne5 17. Rac1 Nc4 18. Bxc4 Rxc4 19. Ne2 Rgc8 20. Rxc4
Rxc4 21. Rc1 Rxc1 22. Nxc1 Nd5 23. e4 Nc7 24. Nd3 b6 25. Ke3 f6 26. g4 Bc6 27.
h4 Ne8 28. f4 Ba4 29. g5 fxg5 30. hxg5 Nd6 31. Bf6+ Ke8 32. Nb2 Bc6 33. Be5
Nxe4 34. b5 Bd5 35. Kd4 Nc5 36. Nd3 Nxd3 37. Kxd3 1/2-1/2

[Event "VII Corsicoscacchi A"]
[Site "Corsico ITA"]
[Date "1994.??.??"]
[Round "6"]
[White "Amedeo, Riccardo"]
[Black "Bonanno, Alessandro"]
[WhiteElo "1783"]
[BlackElo "1968"]
[Result "0-1"]
[PlyCount "50"]
[EventDate "1994.??.??"]

1. d4 Nf6 2. c4 g6 3. Nc3 Bg7 4. e4 d6 5. f3 O-O 6. Be3 e5 7. d5 c6 8. Bd3 a6
9. Nge2 Nbd7 10. O-O c5 11. a3 h5 12. b4 b6 13. Qd2 Nh7 14. Rab1 f5 15. Bh6 f4
16. Bxg7 Kxg7 17. Kh1 h4 18. Rg1 Ndf6 19. bxc5 bxc5 20. Na4 Nh5 21. Nb6 Ng3+
22. hxg3 hxg3 23. Rgc1 Qh4+ 24. Kg1 Ng5 25. Nxc8 Nxf3+ 0-1